00465nam a2200157Ia 4500008004100000020001800041082001400059100003700073245002900110250000800139260007000147300003100217500001900248600002000267650002000287240925s9999 xx 000 0 und d a9781259005077 a371.4 RAO aRAO, S. Narayana; Sahajpal, Prem 0aCounselling and Guidance a3rd aNew Delhi:bMcGraw Hill Education (India) Private Limitedc,2017. aVarious pagesb0fOriginal aIncludes Index aSocial Sciences aSocial Sciences